000 01562nam a2200373 c 4500
003 BLK
005 20250604110915.0
008 180408b bul|||||r ||||||| ||bul||
010 _aKNG00081923000
020 _a978-954-27-0054-8
_bиздат.: Егмонт България
040 _aBLK
041 _aBUL
_cBUL
080 _aАмериканска литература (на САЩ)
_b821.111(73)
_x-93-91
_z821.111(73)-93-91
700 1 _aМилн, Алън Александър
_eпо
_9365556
700 1 _aШепърд, Ърнест
_eил.
_9371795
700 1 _aДимитрова, Ирина
_eпрев.
_9363468
139 _aКиносалон Мечо Пух
_bК 54
245 1 0 _aКиносалон Мечо Пух
_bКн. с приказки и прожекционно апаратче
_cпо Алън Александър Милн; ил. Ърнест Шепърд; прев. Ирина Димитрова.
257 _aUSA
260 София
_bЕгмонт България
_c2007
300 _a46 с.
_bс цв. ил.
_c32Х32 см
380 _aDX
490 1 _aDisney Мечо Пух
500 _aОриг. загл. Winnie the Pooh's Movie Theatre Storybook. - Офс. изд.
653 _aлитература за деца
653 _aдетска литература
653 _aприказки
852 _aЦб ІІ 15102
856 4 _qpdf
_u
856 4 _qpdf
_u
942 _cKNG
_n0
_018
944 _aCR
_c27.02.2008
_lБояна Костадинова
_k30551
944 _aED
_c31.10.2012
_lф /
_k
999 _c77467
_d77467